000 00506nam a22001577a 4500
003 macl
005 20210919171913.0
008 210919b |||||||| |||| 00| 0 eng d
040 _cmacl
050 _a800/DIN
100 _aभूदेव ,डॉ
_981091
245 _aदिनकर काव्‍य संस्‍कृति और दर्शन
260 _aगाजियाबाद
_bअमित प्रकाशन
_c2010
650 _aरचनावली
_9163
942 _2ddc
_cHIN
999 _c64332
_d64332